[Event "SM-2022-0-00487"]
[Site "LSS email"]
[Date "2022.10.23"]
[Round "?"]
[White "Ozen, Bahadir"]
[Black "Sundqvist, Christer"]
[Result "1/2-1/2"]
[WhiteElo "2263"]
[BlackElo "2264"]
[PlyCount "41"]
[EventDate "2022.09.28"]
[EventType "tourn (corr)"]
[EventRounds "6"]
[EventCountry "GER"]
[SourceTitle "Corr 2024"]
[Source "ChessBase"]
[SourceDate "2023.10.19"]
[SourceVersion "1"]
[SourceVersionDate "2023.10.19"]
[SourceQuality "1"]

1. d4 d5 2. Nf3 Nf6 3. Bf4 c5 4. e3 Nc6 5. Nbd2 cxd4 6. exd4 Qb6 7. Nb3 Bf5 8. a4 a6 9. a5 Qd8 10. Ne5 e6 11. Nxc6 bxc6 12. Bd3 Bxd3 13. Qxd3 Be7 14. Qc3 0-0 15. Qxc6 Ne4 16. 0-0 Qc8 17. Qxc8 Rfxc8 18. f3 Nd6 19. Bxd6 Bxd6 20. Rf2 g6 21. Rd2 1/2-1/2

[Event "SM-2022-0-00485"]
[Site "LSS email"]
[Date "2022.09.29"]
[Round "?"]
[White "Misericordia, Antonio"]
[Black "Sundqvist, Christer"]
[Result "1/2-1/2"]
[WhiteElo "2233"]
[BlackElo "2255"]
[PlyCount "77"]
[EventDate "2022.09.20"]
[EventType "tourn (corr)"]
[EventRounds "6"]
[EventCountry "GER"]
[SourceTitle "Corr 2024"]
[Source "ChessBase"]
[SourceDate "2023.10.19"]
[SourceVersion "1"]
[SourceVersionDate "2023.10.19"]
[SourceQuality "1"]

1. c4 e5 2. Nc3 Nf6 3. g3 Bb4 4. Bg2 0-0 5. Nf3 e4 6. Nd4 Nc6 7. Nc2 Bxc3 8. bxc3 Re8 9. 0-0 d6 10. d3 h6 11. Ne3 exd3 12. exd3 Ne7 13. Rb1 Rb8 14. Rb2 b6 15. Re1 Be6 16. Qa4 a5 17. Rbe2 Qc8 18. h4 c6 19. Ba3 Qd7 20. d4 d5 21. Bxe7 Rxe7 22. cxd5 Bxd5 23. Ng4 Rbe8 24. Rxe7 Rxe7 25. Nxf6+ gxf6 26. Rxe7 Qxe7 27. Bxd5 Qe1+ 28. Kg2 cxd5 29. Qc2 Qe6 30. a4 Kg7 31. Qb3 Qd6 32. Qb5 Qa3 33. Qxd5 Qxc3 34. Qd7 Qd3 35. Qg4+ Kf8 36. Qc8+ Kg7 37. Qg4+ Kf8 38. Qf4 Kg7 39. Qg4+ 1/2-1/2

[Event "RM-2022-0-00264"]
[Site "LSS email"]
[Date "2022.05.10"]
[Round "?"]
[White "Martin, Simone"]
[Black "Sundqvist, Christer"]
[Result "1/2-1/2"]
[WhiteElo "2200"]
[BlackElo "2248"]
[PlyCount "61"]
[EventDate "2022.03.07"]
[EventType "tourn (corr)"]
[EventRounds "6"]
[EventCountry "GER"]
[SourceTitle "Corr 2024"]
[Source "ChessBase"]
[SourceDate "2023.10.19"]
[SourceVersion "1"]
[SourceVersionDate "2023.10.19"]
[SourceQuality "1"]

1. Nf3 d5 2. c4 d4 3. b4 c5 4. e3 Nf6 5. b5 Nbd7 6. exd4 cxd4 7. Nxd4 Nc5 8. Nb3 Nd3+ 9. Bxd3 Qxd3 10. Qe2 Bf5 11. Bb2 Rc8 12. Na3 Nd7 13. Rc1 e5 14. Nc2 Rxc4 15. Ne3 Rxc1+ 16. Nxc1 Qxe2+ 17. Kxe2 Be6 18. Nb3 f6 19. d4 exd4 20. Nxd4 Bf7 21. Rc1 Kd8 22. a4 Rg8 23. g4 Bc5 24. Ndf5 h5 25. h3 hxg4 26. hxg4 Bb3 27. Bd4 g6 28. Bxc5 gxf5 29. Nxf5 Nxc5 30. Rxc5 Bxa4 31. f3 1/2-1/2

[Event "SM-2022-0-00466"]
[Site "LSS email"]
[Date "2022.03.31"]
[Round "?"]
[White "Sundqvist, Christer"]
[Black "Sorcinelli, Andrea"]
[Result "1/2-1/2"]
[WhiteElo "2235"]
[BlackElo "2312"]
[PlyCount "48"]
[EventDate "2022.03.16"]
[EventType "tourn (corr)"]
[EventRounds "6"]
[EventCountry "GER"]
[SourceTitle "Corr 2024"]
[Source "ChessBase"]
[SourceDate "2023.10.19"]
[SourceVersion "1"]
[SourceVersionDate "2023.10.19"]
[SourceQuality "1"]

1. d4 Nf6 2. Bg5 Ne4 3. Bf4 d5 4. e3 c5 5. Nd2 Nxd2 6. Qxd2 cxd4 7. exd4 Bf5 8. Nf3 Nc6 9. Ne5 Qb6 10. c3 Nxe5 11. Bxe5 f6 12. Bf4 e6 13. a4 Bd6 14. Bb5+ Kf7 15. 0-0 Bxf4 16. Qxf4 a6 17. Be2 Rhe8 18. b4 Rac8 19. Qd2 Kg8 20. a5 Qd6 21. Rfe1 h6 22. Bf3 Bg6 23. h3 Rc6 24. Ra3 Bf7 1/2-1/2

[Event "ZH-2022-0-02008"]
[Site "LSS email"]
[Date "2022.03.28"]
[Round "?"]
[White "Ozen, Bahadir"]
[Black "Sundqvist, Christer"]
[Result "1/2-1/2"]
[WhiteElo "2267"]
[BlackElo "2238"]
[PlyCount "63"]
[EventDate "2022.03.28"]
[EventType "match (corr)"]
[EventRounds "2"]
[EventCountry "GER"]
[SourceTitle "Corr 2024"]
[Source "ChessBase"]
[SourceDate "2023.10.19"]
[SourceVersion "1"]
[SourceVersionDate "2023.10.19"]
[SourceQuality "1"]

1. Nf3 d5 2. d4 Nf6 3. c4 c6 4. Nc3 dxc4 5. a4 Bf5 6. Ne5 Nbd7 7. Nxc4 Qc7 8. g3 e5 9. dxe5 Nxe5 10. Bf4 Nfd7 11. Bg2 g5 12. Ne3 gxf4 13. Nxf5 0-0-0 14. Qc2 Nc5 15. 0-0 fxg3 16. hxg3 a5 17. Rfd1 h5 18. Ne4 Nxe4 19. Qxe4 Bb4 20. Rac1 Kb8 21. e3 Bd2 22. Rc2 Bb4 23. Rcc1 f6 24. Qc2 Rdg8 25. Rd4 Ka7 26. Rcd1 Qb6 27. b3 Rg5 28. Kf1 Rhg8 29. Rf4 Ng6 30. Rfd4 Ne5 31. Rf4 Ng6 32. Rfd4 1/2-1/2

[Event "SM-2022-0-00465"]
[Site "LSS email"]
[Date "2022.03.27"]
[Round "?"]
[White "Sundqvist, Christer"]
[Black "Kazimierski, Tomasz"]
[Result "1/2-1/2"]
[WhiteElo "2234"]
[BlackElo "2219"]
[PlyCount "67"]
[EventDate "2022.03.12"]
[EventType "tourn (corr)"]
[EventRounds "6"]
[EventCountry "GER"]
[SourceTitle "Corr 2024"]
[Source "ChessBase"]
[SourceDate "2023.10.19"]
[SourceVersion "1"]
[SourceVersionDate "2023.10.19"]
[SourceQuality "1"]

1. d4 d5 2. c4 e6 3. Nf3 Nf6 4. Nc3 c6 5. Bg5 h6 6. Bxf6 Qxf6 7. e3 Nd7 8. Bd3 dxc4 9. Bxc4 g6 10. 0-0 Bg7 11. e4 0-0 12. e5 Qe7 13. Re1 b5 14. Bd3 Bb7 15. Be4 Rac8 16. a3 Rfd8 17. Qe2 a5 18. Rac1 h5 19. Rc2 Nb6 20. Nb1 Bh6 21. Nbd2 a4 22. h3 Rc7 23. b4 axb3 24. Nxb3 Ba8 25. Nc5 Ra7 26. Rc3 Na4 27. Nxa4 Rxa4 28. Bxc6 Bxc6 29. Rxc6 Rxa3 30. Qxb5 Rxf3 31. gxf3 Rxd4 32. Rc8+ Kh7 33. Qe8 Qxe8 34. Rxe8 1/2-1/2

[Event "SM-2022-0-00464"]
[Site "LSS email"]
[Date "2022.03.23"]
[Round "?"]
[White "Sundqvist, Christer"]
[Black "Ozen, Bahadir"]
[Result "1/2-1/2"]
[WhiteElo "2238"]
[BlackElo "2271"]
[PlyCount "91"]
[EventDate "2022.01.30"]
[EventType "tourn (corr)"]
[EventRounds "6"]
[EventCountry "GER"]
[SourceTitle "Corr 2024"]
[Source "ChessBase"]
[SourceDate "2023.10.19"]
[SourceVersion "1"]
[SourceVersionDate "2023.10.19"]
[SourceQuality "1"]

1. d4 d5 2. c4 c6 3. Nf3 Nf6 4. Nc3 e6 5. Bg5 dxc4 6. e4 b5 7. e5 h6 8. Bh4 g5 9. Nxg5 hxg5 10. Bxg5 Nbd7 11. g3 Bb7 12. Bg2 Qb6 13. exf6 0-0-0 14. 0-0 c5 15. d5 b4 16. Rb1 Qa6 17. dxe6 Bxg2 18. e7 Bxf1 19. Kxf1 Bxe7 20. fxe7 Rdg8 21. Ne4 c3+ 22. Kg1 Rxg5 23. Nxg5 Qg6 24. bxc3 Qxg5 25. Qe2 Qe5 26. Qa6+ Kb8 27. cxb4 cxb4 28. Qa3 Qd6 29. Qxb4+ Qxb4 30. Rxb4+ Kc7 31. Rf4 f6 32. Re4 Re8 33. Re6 Ne5 34. Rxf6 Kd7 35. f4 Nd3 36. Ra6 Kxe7 37. h4 Rg8 38. Rxa7+ Kf6 39. Kh2 Rc8 40. h5 Rc2+ 41. Kh3 Nf2+ 42. Kh4 Ne4 43. Ra4 Kf5 44. Ra5+ Kf6 45. Re5 Nxg3 46. Kxg3 1/2-1/2